| 000 | 00519pam a2200181 a 4500 | ||
|---|---|---|---|
| 020 |
_a9780781758123 _c11706.80 |
||
| 041 |
_aeng _hNULL |
||
| 082 |
_a617.1027 _bJOH/PED |
||
| 100 | _aJOHNSON, D . | ||
| 245 |
_aPRACTICAL ORTHOPAEDIC SPORATS MEDICINE & ARTHROSCOPY / _cNULL. _hTextual Documents |
||
| 260 |
_aNULL : _bLIPPINCOTT WILLIAMS & WILKINS , _c2007. |
||
| 300 |
_a1066 : _bXIX ; _cA4 . |
||
| 365 | _a11706.80 | ||
| 700 | _aPEDOWITZ, R . | ||
| 930 | _a2687 | ||
| 999 |
_c797222 _d797222 |
||
| 650 | _aORTHO | ||